National accounts of OECD countries financial accounts 2013

Guardado en:
Detalles Bibliográficos
Formato: Libro
Lenguaje:inglés
Publicado: Paris OECD 2014
Materias:
Etiquetas: Agregar Etiqueta
Sin Etiquetas, Sea el primero en etiquetar este registro!

MARC

LEADER 00000nam a2200000 4500
001 0186605
005 20240422072636.2
020 |a 978-92-64-20972-5 
022 |a 2221-528X 
041 0 |a eng 
044 |a FR 
245 1 0 |a National accounts of OECD countries  |b financial accounts 2013 
264 1 |a Paris  |b OECD  |c 2014 
300 |a 332 s. 
610 2 0 |a účty národné 
610 2 0 |a účtovníctvo národné 
610 2 0 |a účty finančné 
610 2 0 |a účtovníctvo finančné 
610 2 0 |a inštitúcie finančné 
610 2 0 |a domácnosti 
610 2 0 |a hospodárstvo národné